[Event "Las Palmas"]
[Site "Las Palmas"]
[Date "1993.??.??"]
[Round "4"]
[White "Azmaiparashvili, Zurab"]
[Black "Jussupow, Artur"]
[Result "1-0"]
[WhiteElo "2655"]
[BlackElo "2645"]
[Annotator "Jussupow,A"]
[PlyCount "93"]
[EventDate "1993.06.??"]
[EventType "tourn"]
[EventRounds "9"]
[EventCountry "ESP"]
[EventCategory "16"]
[SourceTitle "CBM 036"]
[Source "ChessBase"]
[SourceDate "1993.10.01"]
[SourceVersion "1"]
[SourceVersionDate "1993.10.01"]
[SourceQuality "1"]

1. g3 {Ftacnik} d5 2. Bg2 c6 3. d3 Nf6 4. Nd2 e5 5. e4 Bd6 (5... Bc5 6. Ngf3
Nbd7 7. O-O O-O 8. h3 Re8 9. exd5 (9. Kh2 a5 10. exd5 cxd5 11. d4 exd4 12. Nb3
Bb6 13. Nbxd4 Ne4 $15 {Bilek - Geller, Havanna 1971 -11/2}) 9... cxd5 10. d4
$10 {ECO A00/6}) 6. Ngf3 O-O 7. O-O Bg4 8. h3 Bh5 9. Re1 (9. Qe1 Nbd7 10. Nh4
Re8 11. f4 (11. Nf5 Bf8 12. Nf3 Nc5 (12... dxe4 13. dxe4 Nc5 14. N3h4 Qb6 15.
b3 Qa6 16. f3 Ne6 17. Ne3 Rad8 18. Bb2 $10 {Gufeld-Lputian, Hastings 1986}) 13.
N3h4 a5 14. Rb1 Ne6 15. g4 Bg6 16. Bd2 Nf4 $15 {Botterill - Hodgson, Bath zt
1987}) 11... dxe4 12. dxe4 exf4 13. gxf4 Nd5 14. Nc4 Bc5+ 15. Kh1 N7b6 16. Ne5
Nb4 17. Nf5 Bg6 18. Qc3 Bf8 19. Ng3 $13 {Ki.Georgiev-Torre, St.John 1988}) (9.
g4 Bg6 10. d4 Nxe4 11. Nxe5 Bxe5 12. dxe5 f5 13. exf6 Nxf6 14. f4 Nbd7 15. f5
Bf7 $132 {Shirazi - Goldin, New York 1993}) (9. Qe2 Nbd7 10. g4 Bg6 11. Nh4 Re8
12. Nf5 Nc5 $1 13. Re1 Ne6 14. Nf3 Bc7 15. Bd2 h5 $5 16. N3h4 hxg4 17. hxg4 Nf4
18. Bxf4 exf4 19. Qf3 Bxf5 $1 20. Nxf5 g6 21. Nh4 Nh7 $17 {Braga - Dolmatov,
Mexico 1980}) (9. c3 Nbd7 10. Qc2 a5 11. a4 Re8) (9. exd5 $6 cxd5 10. c4 Nc6 (
10... Nbd7 11. cxd5 Nxd5 12. Nc4 Bc7 13. Qb3 $13 {Hodgson - De la Villa, Dos
Hermanos 1992}) 11. Qb3 dxc4) 9... Nbd7 10. exd5 $146 (10. b3 Re8 11. Bb2 Qc7 (
11... a5 12. a3 b5 (12... Qc7) 13. g4 (13. Nf1 $6 dxe4 14. dxe4 Nc5 15. N1d2
Qc7 16. Qc1 Nfd7 17. Nh4 Ne6 18. Ndf3 f6 19. Nf5 Bf8 $36 {<< Sturua - Kramnik,
Moscow 1992}) 13... Bg6 14. Nh4 d4 15. Nf5 Bf8 16. f4 c5 $13 {Nikolac -
Hodgson, Almada 1988}) 12. c3 a5 13. a3 Bf8 14. Qc2 Rad8 15. b4 b5 $15 {
Ardaman - Ibragimov, Philadelphia 1992}) (10. g4 Bg6 11. Nh4 Re8 12. Nf5 Bf8
13. Nf1 Nc5 14. N1g3 dxe4 15. dxe4 Qxd1 16. Rxd1 h5 17. f3 Rad8 18. Bg5 hxg4
19. fxg4 Na4 $15 {Stratil - Lputian, Uzhgorod 1988}) (10. c3 Re8 11. Qc2 Qc7 (
11... a5 $5 12. Nh4 (12. a4 Bf8 13. Nf1 dxe4 14. dxe4 Nc5 15. Bg5 Bg6 16. Nh4
Qe7 17. Nf5 Qe6 18. N1e3 Nfd7 19. Bf1 Qb3 $15 {Romanishin - Psakhis, Moscow 
(active) 1982}) 12... a4 13. Nf5 Bf8 14. g4 Bg6 15. Nf3 Nc5 16. Bg5 h6 17. Bh4
dxe4 18. dxe4 Qd3 $15 {Pigusov-Lputian, Kharkov USSR ch(1l) 1985}) 12. Nf1 Rad8
13. g4 Bg6 14. Ng3 Bf8 15. Bg5 h6 16. Bh4 Bh7 $15 {Nazarov - Nasybbulin, Azov
tt 1991}) 10... cxd5 11. g4 (11. c4 Nc5 $5 {><d3}) 11... Bg6 12. Nh4 Nc5 13.
Nb3 (13. Nf1 $13) 13... Ne6 14. Nxg6 hxg6 15. c4 dxc4 16. dxc4 Rc8 (16... Qc7
$5 17. Be3 Rad8 $36 {/\b6} (17... Rad8 {Ftacnik} 18. Qc2 b6 19. Rad1 $13)) 17.
Bxb7 Rxc4 18. Ba6 $1 $10 Ra4 19. Bf1 Nf4 20. Be3 N6d5 21. Nd2 Rb4 22. a3 Nxe3
$6 (22... Rxb2 $1 23. Nc4 Nxe3 24. fxe3 (24. Rxe3 Rb6 25. Nxb6 Qxb6 $36 (25...
axb6 $44 {Ftacnik})) 24... Qh4 25. Nxb2 Qg3+ 26. Kh1 Nxh3 $10 27. Bxh3 Qxh3+
28. Kg1 Qg3+ 29. Kf1 Qh3+ 30. Kg1 $10 (30. Kf2 $2 Qh2+ 31. Kf3 e4+ $5 $40 (
31... Qh3+ $10) 32. Kxe4 Qg2+ $44)) 23. fxe3 Rxb2 24. Ne4 $1 (24. Nc4 Qh4 $10)
24... Nxh3+ $2 (24... f5 $2 25. Qxd6 Qh4 26. Qxe5 fxe4 27. Qxb2 Qg3+ 28. Kh1
Nxh3 29. Bxh3 Rf2 30. Qxf2 Qxf2 $18) (24... Qh4 $6 25. exf4 (25. Qf3 f5 $40 26.
Nxd6 $140 fxg4 $19) 25... f5 26. Qd5+ (26. Bc4+ Kh7 27. Ng5+ Kh6 $13 (27... Kh6
{Ftacnik} 28. Re2 $18)) 26... Kh7 (26... Rf7 27. Bc4 $18) (26... Kh8 27. Qxd6
fxe4 28. Qxf8+ Kh7 29. Re2 Rxe2 30. Bxe2 Qg3+ 31. Kf1 exf4 32. Qb4 e3 33. Qe1
$18) 27. Re2 Rxe2 28. Ng5+ Kh6 29. Bxe2 $18) (24... Bc7 $142 $1 25. Qxd8 Rxd8
26. exf4 Bb6+ 27. Kh1 f5 (27... exf4 28. Ng5 Kf8 29. Rad1 $16) 28. Ng5 Rdd2 $13
) 25. Bxh3 Qh4 26. Qf3 $1 $16 (26. Qc1 Qxh3 27. Qxb2 Qxg4+ $17) (26. Bg2 f5 27.
Qxd6 (27. Qd5+ Rf7 28. gxf5 gxf5 29. Nxd6 Qf2+ $10) 27... fxe4 $40) 26... f5 $2
(26... Bxa3 27. Rf1 $16) (26... Be7 27. Reb1 Rxb1+ 28. Rxb1 $16) 27. gxf5 gxf5
(27... Be7 28. Reb1 $18) 28. Nxd6 e4 29. Nxe4 fxe4 30. Be6+ Kh7 31. Qh3 $18
Qxh3 32. Bxh3 Rf3 (32... Rf6 33. Rab1 Ra2 34. Rb5 Rg6+ 35. Kf1 $18) 33. Bf1
Rg3+ 34. Kh1 Rb3 (34... Rb6 35. Ra2 $18) 35. Bg2 Kh6 36. Bxe4 Rgxe3 37. Rxe3
Rxe3 38. Bc6 Rc3 39. Bb5 Kg5 40. a4 Rc7 41. Rd1 $1 {/\Rd7} Rc8 42. Rd7 Ra8 43.
Rxg7+ Kf5 44. Bc6 Rh8+ 45. Kg2 Rh6 46. Bb5 a6 47. Bd3+ {Yusupov} 1-0

[Event "EU-Cup 09th Group7"]
[Site "Barcelona"]
[Date "1993.10.03"]
[Round "3"]
[White "Lautier, Joel"]
[Black "Illescas Cordoba, Miguel"]
[Result "1-0"]
[WhiteElo "2620"]
[BlackElo "2625"]
[Annotator "Lautier,J"]
[PlyCount "111"]
[EventDate "1993.10.01"]
[EventType "team-k.o."]
[EventRounds "3"]
[EventCountry "ESP"]
[SourceTitle "EXT 2020"]
[Source "ChessBase"]
[SourceDate "2019.10.17"]
[SourceVersion "1"]
[SourceVersionDate "2019.10.17"]
[SourceQuality "1"]
[WhiteTeam "Lyon-Oyonnax Echecs"]
[BlackTeam "Barcelona UGA"]
[WhiteTeamCountry "FRA"]
[BlackTeamCountry "ESP"]

1. c4 c6 2. e4 d5 3. cxd5 cxd5 4. exd5 Nf6 5. Bb5+ Nbd7 6. Nc3 a6 7. Qa4 Rb8 8.
Bxd7+ Qxd7 {"Le dernier cri". It is surprising that such a natural capture has
been tried very few times before.} (8... Bxd7 9. Qb3 b5 10. d3 Bc8 $5 11. Bf4
Ra8 12. a4 b4 13. Ne4 Bb7 $1 14. Qxb4 Bxd5 {did not bring White very much in
my game against Kramnik from Dortmund 1993, but there is clearly room for
improvement.}) 9. Qxd7+ {There is hardly any choice, as after 9.Qb3 b5, Black
would be a few tempi up on my game with Kramnik.} Bxd7 10. Nge2 Rd8 11. d4 Bf5
12. Nf4 g5 13. Nfe2 Rg8 14. Be3 (14. h4 gxh4 15. Nf4 Bh6 $1 $10) 14... Nxd5 15.
Nxd5 Rxd5 16. Rc1 (16. O-O {Was more precise immediately, as this avoids the
pin on d3 after:} e6 (16... Bd3 $6 17. Nc3) 17. Rfc1 $1) 16... e6 17. O-O Bd3
$1 {Equalizes the position totally.} 18. Nc3 Bxf1 19. Nxd5 exd5 20. Kxf1 Kd7
21. g4 $1 Bd6 22. Ke2 {In order to understand how White could possibly win
this position, one ought to know that this was the qualifying match for the
final rounds of the Euro- pean Cup. "The team spirit" eventually led Illescas
to overpress.} f6 $1 {A strong move, preparing to seize the h-file by a
further h5. White has to be energetic to keep a full balance.} 23. h4 $1 (23.
Rh1 h5 24. h4 hxg4 25. hxg5 fxg5 26. Rh7+ Kc6 {And Black can keep playing for
the advantage.}) 23... gxh4 24. Kf3 f5 $1 {White was now threatening to be
slightly better after 25.Rh1, but this exact move ensures Black a full
equality.} (24... h5 $2 25. gxh5 h3 26. Rh1 h2 27. Bf4) (24... h3 $6 25. Rh1 h2
26. Bf4 $14) 25. gxf5 h5 26. Bf4 (26. Rh1 $2 Rg4 $15) 26... Rg4 27. Be5 Rg5 28.
Kf4 (28. f6 $2 Bxe5 29. dxe5 Rxe5 30. Kf4 Ke6 $17) 28... Rg4+ 29. Kf3 Re4 $6 {
The critical moment. Black could certainly force a repetition of moves by 29...
Rg5, but Black's last active moves had led him to believe he now had a slight
pull.} 30. Rg1 Bxe5 31. dxe5 Rxe5 32. Rg5 $1 {The move Black overlooked. White
is just in time to take the "h" pawns and stop the "d" pawn, leaving him with
a favourable ending, as he has the outside passed pawn. But of course, Black
still has the draw if he is careful.} Kd6 (32... d4 $6 33. Rxh5 d3 $2 34. Rxh4
d2 35. Rd4+ $18) (32... Ke7 $2 33. Rxh5 Kf6 34. Rxh4 Kxf5 35. Rh5+ Kf6 36. Rxe5
Kxe5 37. Ke3 $18) 33. Rxh5 d4 $2 {Black fails to notice that this pawn is
considerably weaker on d4 than on d5, as it is one square closer from the
White king, which now only needs to sit on d3 to cause Black serious trouble.}
(33... Re4 34. f6 (34. Rh7 Ke5 35. Rxb7 Kxf5 36. Rb6 Ra4 $10) 34... Ke6 35.
Rxd5 $5 Rb4 36. b3 (36. Rf5 $4 Kxf5 37. f7 Rf4+ 38. Ke3 Kg5 $19) 36... Kxf6 $10
) (33... h3 34. Rxh3 (34. Kg3 Re2 35. f6 Ke6 $10 {/\} 36. Rf5 $6 h2 37. Kxh2 $4
Kxf5 38. f7 Rxf2+ 39. Kg1 Ke6 $19) 34... Rxf5+ 35. Ke3 a5 $10 {/\ b6}) 34. Rxh4
Rxf5+ (34... Kd5 35. f6 d3 36. Rh8 $1 (36. f7 $2 d2 37. Rh1 Re1 38. Rxe1 dxe1=Q
39. f8=Q Qe4+ 40. Kg3 Qe5+ 41. f4 Qxb2 $10) 36... Rf5+ 37. Ke3 Rxf6 38. Rd8+
Kc4 39. Rd4+ $18) 35. Rf4 Rd5 $8 36. Ke2 Kc5 37. Rf7 (37. Kd3 $6 {Lets Black
activate his rook by:} Rh5 $1) 37... b5 38. Kd3 $6 (38. Rc7+ Kb6 (38... Kd6 $2
39. Ra7 $16) (38... Kb4 $2 39. Kd3 $16) 39. Rc1 Rf5 40. Rc2 {/\ Kd3} Rf4 41.
Kd3 a5 $14) 38... a5 $2 {The losing move.} (38... Rh5 $1 {Black should of
course take this chance to free his rook with both hands.} 39. Rc7+ Kd5 40.
Rd7+ Kc5 41. Ke4 Rh4+ 42. f4 Rh2 43. Rd5+ Kc6 44. Rxd4 Rxb2 $10 45. f5) 39.
Rc7+ $1 Kd6 40. Rc2 $1 Ke5 41. Rc6 (41. b3 $1 {Was a bit more precise, denying
Black the chance to improve his pawn structure on the queenside.} a4 (41... Kd6
42. Ke4 $1 $18) (41... Kf4 42. Rc6) 42. b4 $1 (42. bxa4 bxa4 43. Rc4 a3 44. Ra4
Rb5 45. Rxa3 Rb2 46. Ra5+ Kd6 47. f4 Rf2 48. f5 Rf4 $10) 42... Kf4 43. a3 Ke5 (
43... Rd8 44. Rc5 $18) (43... Kf3 44. Rc5 Rxc5 45. bxc5 b4 46. Kxd4 $18) 44.
Rc6 {And we get an improved version of the game.}) 41... a4 42. Rh6 Kf4 43.
Rf6+ Ke5 44. Rh6 Kf4 45. b4 $1 $18 (45. Rh4+ Kf3 46. Rxd4 Rc5 $1 $14 (46... Re5
$2 47. Kc3 $18)) 45... Rf5 (45... axb3 46. axb3 {/\ b4, Rh4+-}) (45... Kg5 46.
Rh8 {/\ a3, Re8-e4 or Rc8-c5+-} Rf5 {Transposes to the game}) 46. Kxd4 Kg5 (
46... Kf3 47. Rd6 Kxf2 48. Rd5 $18) 47. Rh8 Kg4 $6 (47... Rxf2 48. Rg8+ Kh4 49.
Kc5 {Transposes to the game}) (47... Kg6 {was more resilient} 48. Re8 (48. Ke3
Re5+ 49. Kd2 (49. Kd3 Re1 $132) 49... Rd5+ 50. Ke2 Re5+ 51. Kf1 $16) (48. a3
Kf7 $1 49. Rd8 Ke6 $132) 48... Rxf2 (48... Kf7 49. Re2 $18) 49. Kc5 Rxa2 (49...
Rf5+ 50. Kc6 Kf7 51. Rb8 Rf2 (51... Ke7 52. Rxb5 Rf2 53. a3 Rf3 54. Ra5 Rxa3
55. b5 Rc3+ 56. Kb7 a3 57. b6 Kd7 58. Ka7 Rb3 59. b7 Kc7 60. Rc5+ Kd6 61. Rc1
$18) 52. a3 Rf3 53. Kxb5 Rxa3 54. Ra8 $18) 50. Kxb5 a3 51. Re3 $1 {/\ Ka4} (51.
Ra8 Kf6 52. Ra4 Ke6 53. Ka6 (53. Ka5 Kd7 54. b5 Kc8 $10) 53... Rb2 $1 54. b5 a2
55. b6 Kd7 56. b7 Kc7 57. Rc4+ Kd7 $10) 51... Ra1 52. Ka5 a2 53. Re2 $1 Kf5 54.
b5 Kf4 (54... Rb1 55. Rxa2 Ke6 56. Rd2 $18) 55. b6 Kf3 56. Rb2 Ke3 57. Ka6 $18
{/\ b7}) 48. Re8 Rxf2 (48... Kf3 49. Re5 $18) 49. Rg8+ $1 Kh4 50. Rh8+ Kg4 51.
Rg8+ Kh4 52. Kc5 Rxa2 53. Kxb5 Ra1 54. Ra8 a3 55. Ra4 $1 Kg5 56. Ka6 1-0

[Event "American Continental 3rd"]
[Site "Buenos Aires"]
[Date "2005.08.16"]
[Round "11"]
[White "Granda Zuniga, Julio E"]
[Black "Dominguez Perez, Leinier"]
[Result "1/2-1/2"]
[WhiteElo "2601"]
[BlackElo "2639"]
[Annotator "Lukacs,P"]
[PlyCount "82"]
[EventDate "2005.08.06"]
[EventType "swiss"]
[EventRounds "11"]
[EventCountry "ARG"]
[SourceTitle "CBM 109"]
[Source "ChessBase"]
[SourceDate "2005.11.14"]
[SourceVersion "1"]
[SourceVersionDate "2005.11.14"]
[SourceQuality "1"]

1. c4 c6 2. e4 d5 3. cxd5 cxd5 4. exd5 Nf6 5. Qa4+ Nbd7 6. Nc3 g6 7. Nf3 Bg7 8.
Bc4 a6 (8... O-O 9. d3 Nb6 (9... a6 10. Qa3 {- 8...a6}) 10. Qb3 Bg4 11. Ne5 Bf5
12. O-O {Black has serious problems gaining back the d5 P.} Rc8 13. Re1 Ne8 {
If Black has to blockade d6, White's space advantage in the [+] becomes
annoying.} (13... Nfd7 14. Nxd7 Qxd7 15. Bg5 $16) 14. Bf4 (14. a4 Nd6 $13 {
Gashimov-Szczechowicz, Bydgoszcz 1999}) 14... Nd6 15. h3 $14 {Panno-Tempone,
Argentina 1995}) 9. d3 O-O 10. Qa3 b6 {/\ Bb7, b5, Nb6 winning back the
sacrificed P, but it costs precious time.} (10... Ne8 $143 {gives up the fight
for >< d5 forever.} 11. Bf4 Nb6 (11... Ndf6 12. O-O Nd6 13. Rfe1 Re8 14. h3 $14
{and White has a strong pressure in the [+], Gagunashvili-Barnaure, Dubai 2004.
}) 12. O-O Nd6 13. Rfe1 {There is no need to defend the passive c4 B.} (13. Qb3
Bf5 14. Rfe1 Rc8 15. Rac1 $5 (15. Nd2 Nd7 $132 {Cicak-Larsson, SWE-chT 2002-03}
)) 13... Nbxc4 14. dxc4 Nxc4 15. Qb4 Nd6 16. Rxe7 Qxe7 17. Bxd6 $16) (10... Nb6
$142 11. Qb3 Bg4 (11... Bf5 12. O-O Qc7 13. Bg5 Nxc4 14. dxc4 Bd3 15. d6 $1
Qxd6 (15... exd6 $2 16. Bxf6 Bxf1 (16... Bxf6 17. Nd5 $18) 17. Nd5 Qxc4 18.
Rxf1 Qxb3 19. axb3 $16) 16. Rfd1 Rac8 17. Bxf6 Bxf6 18. Ne4 Bxe4 19. Rxd6 exd6
$14 {and Black has some compensation for sacrificed Q, but probably not 100%,
Naer-Erenburg, Ashdod 2004.}) 12. Be3 (12. Ne5 Qc7 $13) 12... Nbd7 13. Qxb7
Bxf3 14. gxf3 Rb8 15. Qxa6 {White has a lot of extra pawns, but his P
structure is seriously weakened, his K has no shelter.} Rxb2 16. Qa3 Rb8 17.
Ke2 (17. O-O Ne5 18. Kg2 Qd7) (17. f4 Ng4 18. O-O e5 $1 19. dxe6 Qh4 20. exf7+
Kh8 $44) 17... Ne5 $44 {Rahman-Neelotpal, Dhaka 1999}) 11. O-O Bb7 12. Be3 (12.
Re1 Re8 (12... b5 13. Bb3 Re8 14. Ng5 {- 12.Re1}) 13. Ng5 $5 (13. Bg5 b5 14.
Bb3 Nb6 15. Bxf6 (15. Re2 Nbxd5 $13 {Vaisman-D.Ross, FRA-chT 1989}) 15... Bxf6
{and White cannot hold his stronghold on d5 anymore.} 16. Ne4 Bg7 $13) 13... h6
$5 (13... b5 14. Bb3 Nb6 (14... Qb6 $143 {is not fighting directly against ><
d5.} 15. Qb4 Qd6 (15... a5 $5 16. Qxb5 Qxb5 17. Nxb5 a4 18. Bc4 $16) (15... h6
16. Nge4 a5 17. Qxb5 Qxb5 18. Nxb5 a4 19. Bc4 $16) 16. Qh4 h5 (16... Rac8 17.
Nce4 $16) 17. Nxf7 $1 Kxf7 18. Re6 Qc5 19. Be3 Qc8 20. d6 Kf8 21. Bf4 {1-0
Rahman-Villamayor, Manila 1995}) (14... Rc8 $5 $13) (14... h6 {helps only for
White.} 15. Nge4 Nxe4 16. dxe4 Ne5 17. Rd1 Qc7 18. d6 exd6 19. Qxd6 Qxd6 20.
Rxd6 $14 {Naer-Mittelman, Ashdod 2004}) 15. d6 e6 {Now >< d6 becomes
vulnerable, Black's pieces are rather active.} 16. Nge4 (16. Qb4 h6 17. Nge4
Nfd5 18. Nxd5 Nxd5 $142 $13 (18... exd5 {closes the /^ of the light-squared B.}
19. Nc5 Qxd6 20. Bf4 Qf8 21. d4 Nc4 $13 {Goreskul-Mokalets, UKR-ch 2004}))
16... Nxe4 {- Macieja-L.Dominguez, Bermuda 2005 CBM 106} (16... Nbd7 {-
Harikrishna-L.Dominguez, Bermuda 2005 CBM 106})) 14. Nge4 Ne5 15. Bf4 $14 {
Radjabov-Azmaiparashvili, Dos Hermanas 2005 CBM 107} (15. Qb3 $143 b5 16. Nc5
Qc7 $17) (15. Nxf6+ exf6 $44)) 12... b5 13. Bb3 Re8 {defending >< e7} (13... a5
$5 {sacrifices the b5 P, but gets back the d5 one and the d3 isolani remains a
target.} 14. Nxb5 Nxd5 15. Bc4 Nb4 $44) 14. Qb4 (14. Rfe1 Nb6 $13) 14... Nb6
15. Bxb6 (15. d6 exd6 $13) 15... Qxb6 {White gave up his important B, if he
loses >< d5 he can stand worse.} 16. a4 Red8 17. axb5 (17. Rfe1 Nxd5 (17... Bf8
$2 18. Ne5) 18. Nxd5 Bxd5 19. Bxd5 Rxd5 20. Rxe7 Rxd3 21. Qe4 Rad8 $11) (17.
Qxe7 bxa4 18. Bc4 Nxd5 $11) 17... Nxd5 18. Bxd5 Bxd5 19. Ng5 $6 (19. Qxe7 Bxf3
20. gxf3 axb5 $11 {is not nice but White can hold it.}) 19... h6 20. Nge4 e6
21. Nxd5 Rxd5 $15 22. Qe7 Bxb2 23. Ra2 (23. Rxa6 Rxa6 24. bxa6 Qxa6 $15 {
and >< d3 will soon fall, but 4 versus 3 on the same flank is usually drawish.}
) 23... Be5 24. bxa6 Rxa6 25. Rc1 (25. Rc2 Qd8 $15) 25... Kg7 26. g3 {[#]
White sacrifices the R but creates serious threats on the 8-th rank.} (26. Rac2
Ra7 $17) (26. Rxa6 Qxa6 27. Nc5 Qd6 $17) 26... Rxa2 (26... Rxd3 $1 27. Rc8 (27.
Rxa6 Qxa6 {and Black has a healthy extra P.}) 27... Rd8 $1 (27... Qb1+ 28. Kg2
Rd8 29. Qxd8 Qxe4+ 30. Kh3 Qf5+ 31. Kg2 $11 {is no more than a draw by
perpetual.}) 28. Rxa6 (28. Rxd8 Qb1+ 29. Kg2 Qxe4+ $19) 28... Qb1+ 29. Rc1
Qxc1+ 30. Kg2 Qc7 $17 {and a long-lasting _|_ will arise where White has to
defend himself carefully.}) 27. Rc8 $1 g5 28. Rf8 $1 {White's -> compensates
the material losses.} Ra7 $1 29. Rxf7+ (29. Qe8 $2 Qb1+ 30. Kg2 Qxd3 31. Rg8+
Kh7 $19) 29... Kg6 30. Qxa7 Qxa7 31. Rxa7 Rxd3 {Now the position is completely
drawish.} 32. Kg2 Rd4 33. Nc5 (33. f3 g4 $1) 33... Rd6 34. Ra4 (34. Re7 Kf6 $11
) 34... Bd4 35. Nxe6 (35. Ne4) 35... Bxf2 36. Nxg5 hxg5 37. Kxf2 $11 Rd2+ 38.
Kf3 (38. Kg1 Rc2 $11) 38... Rxh2 39. Kg4 Rb2 40. Ra6+ Kg7 41. Kxg5 Rb5+ 1/2-1/2

[Event "Bermuda"]
[Site "Bermuda"]
[Date "2005.02.08"]
[Round "9"]
[White "Harikrishna, Pentala"]
[Black "Dominguez Perez, Leinier"]
[Result "1-0"]
[WhiteElo "2632"]
[BlackElo "2661"]
[Annotator "Lukacs,P"]
[PlyCount "91"]
[EventDate "2005.01.30"]
[EventType "tourn"]
[EventRounds "10"]
[EventCountry "BER"]
[EventCategory "17"]
[SourceTitle "CBM 106"]
[Source "ChessBase"]
[SourceDate "2005.06.06"]
[SourceVersion "1"]
[SourceVersionDate "2005.06.06"]
[SourceQuality "1"]

{[%mdl 128]} 1. c4 c6 2. e4 d5 3. cxd5 cxd5 4. exd5 Nf6 5. Qa4+ Nbd7 6. Nc3 g6
7. Nf3 Bg7 8. Bc4 O-O 9. d3 a6 10. Qa3 b6 11. O-O Bb7 12. Re1 Re8 13. Ng5 b5
14. Bb3 Nb6 15. d6 e6 16. Nge4 Nbd7 (16... Nxe4 {- Macieja-L.Dominguez,
Bermuda 2005 CBM 106.}) 17. Nxf6+ Nxf6 18. Qb4 {The Q has to come out of
passivity.} Bc6 (18... Bf8 $142 {is the consistant reply, Black has to
eliminate the entruder as soon as possible.} 19. Bf4 Nh5 $1 (19... Bc6 20. Qd4
$14) 20. Be5 f6 21. Bg3 Nxg3 22. hxg3 (22. Rxe6 Rxe6 23. Bxe6+ Kg7 24. hxg3
Bxd6 {- 22.hxg3}) 22... Kg7 {avoiding the intermediate move 24.Qg4 in the
previous note.} (22... Bxd6 23. Rxe6 (23. Bxe6+ Kg7 (23... Rxe6 $2 {runs into
the pin after} 24. Qb3 $1 Bc8 25. Rxe6 Bxe6 26. Qxe6+ Kg7 27. d4 $16) 24. Qb3
Qb6 $1 25. Ne4 (25. Nd5 Bxd5 26. Qxd5 Bc5 $132) 25... Be5 $44 {Black has a
strong ^^ and the d P is not a big worry.}) 23... Rxe6 $142 (23... Bxb4 24.
Rxe8+ Kg7 25. Rxd8 Rxd8 26. Rd1 $14) 24. Qg4 $5 (24. Bxe6+ Kg7 {- 22...Kg7})
24... Be5 25. Qxe6+ Kh8 $44) 23. Rxe6 Rxe6 24. Bxe6 Bxd6 25. Qb3 (25. Qg4 Be5
$44) 25... Qb6 26. Bd5 (26. Ne4 Be5 27. Bd5 Bxd5 28. Qxd5 Rd8 29. Qb3 Bd4 $44)
26... Bxg3 27. Ne4 Bxd5 28. Qxd5 Rd8 $13 {and Black can hold the _|_.}) 19. Bg5
(19. a4 $5 Qd7) 19... h6 $1 (19... a5 $2 {allows White to strengthen the pin by
} 20. Qh4 $16) 20. Bh4 g5 (20... a5 21. Qc5 Qd7 (21... Rc8 22. Nxb5 Bxb5 23.
Qxb5 Qxd6 24. Qxa5 Nh5 25. Qd2 $16 {and White has two extra pawns.}) 22. Bxf6
Bxf6 23. d4 Rac8 24. d5 Bxd5 25. Nxd5 exd5 26. Rxe8+ Rxe8 27. Bxd5 Bxb2 28. Rd1
$14 {White has a strong o^ and the ^- favours him, too.}) (20... Rc8 $5 21.
Rac1 a5 22. Qd4 a4 $44) 21. Bg3 Qb6 (21... a5 $5 {deserved attention again.}
22. Qc5 Rc8 $13) (21... Nh5 22. d4 $14) 22. Ne4 Nh5 23. Rac1 Nxg3 (23... Bxe4
$2 {is met by the forceful zwischenzug} 24. d7 $1 Bb7 (24... Red8 25. Bc7 $18)
25. dxe8=Q+ Rxe8 26. Bc7 $16) 24. Nxg3 Red8 $2 {This is the wrong R move! Now
White has good attacking chances on the >>.} (24... Rad8 $13 {was better
defending >< e6.}) (24... Bd4 25. Qd2 (25. Rxc6 $2 Bxf2+ $19) 25... Rad8 $13)
25. h4 $1 Be8 (25... Bxb2 $2 {is overoptimistic, Black ignores the dangers on
the >>.} 26. Bxe6 $1 {is the precise sacrifice ruining Black's defensive walls.
} (26. Rxe6 $5 a5 (26... fxe6 27. Bxe6+ $18) (26... Bxc1 27. Qc3 fxe6 28. Bxe6+
Kh7 29. Nh5 $18) 27. Rg6+ $1 Kf8 (27... Kh7 28. Bxf7) 28. Qd2 $1 $18) 26...
Bxc1 (26... Bf6 27. Bxf7+ Kxf7 28. Qb3+ Kf8 29. Nf5 $18) 27. Bxf7+ $1 Kh7 (
27... Kxf7 28. Re7+ Kf8 29. Qc3 $18) 28. Re7 $1 $18) 26. hxg5 hxg5 27. Qg4 Rxd6
(27... Qxd6 28. Qxg5 $40) 28. Qxg5 Qd8 29. Qg4 $1 {White has good attacking
chances, he declines the exchange of Q .} Kf8 (29... Rxd3 $2 {eliminating the
weak P is out of question:} 30. Nh5 Qd4 31. Qg5 $18) (29... Rd4 30. Re4 $40)
30. Nh5 Bxb2 31. Rc5 Qb6 $2 {Other moves also fail to impress, but this move
helps only for White.} (31... Qa5 32. Re4 $40) (31... Rc8 32. Rg5 $40) (31...
Rxd3 32. Rg5 $18) 32. Rg5 $1 {Now the R joins the -> against the black K.} Qd4
$2 (32... Ke7 33. Ng3 {bringing back the N into action.} Kd8 34. Ne4 $16) (
32... Bd4 33. Rg8+ Ke7 34. Qg5+ Kd7 35. Nf6+ Bxf6 36. Qxf6 Qd4 37. Qf3 $16) 33.
Nf4 $18 e5 (33... Ke7 34. Bxe6 $1 {White opens up the lines against the K in
the middle.} fxe6 (34... Kd8 35. Rg8 $18) 35. Rxe6+ Kd8 (35... Rxe6 36. Qxe6+
Kd8 37. Rd5+ $18) 36. Rxd6+ Qxd6 37. Rd5 $18) 34. Rg8+ Ke7 35. Bxf7 $1 Bxf7 36.
Rxa8 Rf6 37. Re4 Qb6 38. Qg7 Kd7 39. Ra7+ $1 Qxa7 40. Qxf6 Kc8 41. Ne6 Qd7 42.
Nc5 Qd5 43. Qxa6+ Kd8 44. Qxb5 Bd4 45. Qb8+ Ke7 46. Qc7+ 1-0